000 00706nam a2200241Ia 4500
003 OSt
005 20220923224354.0
006 a|||||r|||| 00| 0
007 ta
008 Pun
024 _a231,795
037 _cTextual
040 _aARTS
_cARTS
_bPun
041 _2Pun
_aPun
082 _aO153:g, M6
100 _aਰਵੀ, ਰਵਿੰਦਰ ਸਿੰਘ
245 0 _aਵਿਰਸਾ ਤੇ ਵਰਤਮਾਨ
260 _aਚੰਡੀਗੜਸ਼
_b ਪੰਚਾਬ ਪ੍ਰਕਾFਨ
_c1986
300 _a186ਪੰ
_ccm.
650 _aਪੰਜਾਬੀ ਸਾਹਿਤ
942 _hO153:g, M6
_cTEXL
_2CC
999 _c371029
_d371029